[Event "BL 9091 HSK-Tegel"]
[Site "?"]
[Date "1991.??.??"]
[Round "?.7"]
[White "Urban, J."]
[Black "Sievers, S."]
[Result "1-0"]
[WhiteElo "2330"]
[BlackElo "2330"]
[PlyCount "71"]
[EventDate "1991.??.??"]

1. Nf3 c5 2. g3 Nc6 3. Bg2 g6 4. O-O Bg7 5. d3 d5 6. Nbd2 Nf6 7. e4 O-O 8. c3
b6 9. Re1 Ba6 10. Qa4 Bb7 11. e5 Ne8 12. Nf1 Nc7 13. Qh4 Ne6 14. Bh3 Bc8 15.
Bh6 Re8 16. Bxe6 Bxe6 17. Ng5 Bh8 18. Nxe6 fxe6 19. Qg4 Qd7 20. d4 a5 21. h4
Bg7 22. Bxg7 Kxg7 23. h5 cxd4 24. cxd4 Rf8 25. Ne3 Rf7 26. hxg6 hxg6 27. Ng2
Rh8 28. Rad1 Rh6 29. Nf4 Nd8 30. Kg2 Rf5 31. Rh1 Qe8 32. Rxh6 Kxh6 33. Rh1+ Kg7
34. Qh4 Qg8 35. Qxe7+ Rf7 36. Qxd8 1-0

[Event "BL 9091 Bielefeld-Nürnberg"]
[Site "?"]
[Date "1991.??.??"]
[Round "?.1"]
[White "Jansa, V."]
[Black "Dokhoian, Y."]
[Result "0-1"]
[WhiteElo "2495"]
[BlackElo "2540"]
[PlyCount "121"]
[EventDate "1991.??.??"]

1. e4 e6 2. d4 d5 3. Nd2 c5 4. Ngf3 Nf6 5. exd5 exd5 6. Bb5+ Bd7 7. Bxd7+ Nbxd7
8. O-O Be7 9. dxc5 Nxc5 10. Nb3 Nce4 11. Nfd4 Qd7 12. Qf3 O-O 13. Nf5 Bd8 14.
Be3 g6 15. Ng3 Re8 16. Rfd1 Qc6 17. c3 Bc7 18. Nd4 Qa6 19. a4 Be5 20. Nb5 h5
21. Nxe4 dxe4 22. Qe2 Ng4 23. h3 Nxe3 24. Qxe3 Qf6 25. Rd7 Qc6 26. Rad1 a6 27.
Na3 Qxa4 28. Qc5 Qb3 29. Qc4 Qxc4 30. Nxc4 b5 31. Nxe5 Rxe5 32. Rb7 Rae8 33.
Rdd7 Rf5 34. Re7 Rxe7 35. Rxe7 Rd5 36. Kf1 Rd2 37. b4 Rc2 38. Rc7 h4 39. Rc6
Ra2 40. Ke1 Kg7 41. Kf1 f5 42. Rd6 Kh6 43. Re6 Ra3 44. Rc6 Ra2 45. Re6 Kh5 46.
Ke1 Kg5 47. Kf1 Ra3 48. Rc6 f4 49. Rc5+ Kh6 50. c4 Ra1+ 51. Ke2 Ra2+ 52. Ke1
Ra1+ 53. Ke2 Ra2+ 54. Ke1 e3 55. fxe3 fxe3 56. cxb5 axb5 57. Rxb5 Rxg2 58. Re5
Rg3 59. Ke2 Rxh3 60. Rxe3 Rh2+ 61. Kf3 0-1

[Event "BL 9091 Bielefeld-Nürnberg"]
[Site "?"]
[Date "1991.??.??"]
[Round "?.3"]
[White "Seibold, H."]
[Black "Pieper Emden, C."]
[Result "1/2-1/2"]
[WhiteElo "2210"]
[BlackElo "2405"]
[PlyCount "55"]
[EventDate "1991.??.??"]

1. e4 e5 2. Nf3 Nc6 3. Bb5 a6 4. Ba4 Nf6 5. O-O Nxe4 6. d4 b5 7. Bb3 d5 8. dxe5
Be6 9. Nbd2 Nc5 10. c3 Be7 11. Bc2 d4 12. Nb3 d3 13. Nxc5 dxc2 14. Qxd8+ Rxd8
15. Nxe6 fxe6 16. Be3 Rd5 17. Rfc1 Nxe5 18. Nxe5 Rxe5 19. Rxc2 Kf7 20. a4 Rd8
21. g3 Red5 22. Kg2 Bc5 23. Bxc5 Rxc5 24. axb5 axb5 25. Re2 Rd6 26. h4 h6 27.
Rae1 Kf6 28. Re4 1/2-1/2

[Event "BL 9091 Bielefeld-Nürnberg"]
[Site "?"]
[Date "1991.??.??"]
[Round "?.4"]
[White "Gruen, G."]
[Black "Huemmer, B."]
[Result "1-0"]
[WhiteElo "2360"]
[BlackElo "2265"]
[PlyCount "81"]
[EventDate "1991.??.??"]

1. d4 d6 2. g3 e5 3. Nf3 e4 4. Ng5 f5 5. f3 exf3 6. exf3 Be7 7. Qe2 c6 8. Nc3
Na6 9. Bf4 Nc7 10. d5 cxd5 11. O-O-O h6 12. Nh3 Nf6 13. Be3 g5 14. f4 g4 15.
Nf2 Kf7 16. h3 h5 17. Bg2 Be6 18. Bd4 Qd7 19. Bxf6 Bxf6 20. Nxd5 Nxd5 21. Bxd5
Rhe8 22. Qd3 Bxd5 23. Qxd5+ Qe6 24. hxg4 hxg4 25. Rh7+ Kf8 26. Qxd6+ Qxd6 27.
Rxd6 Kg8 28. Rxb7 Rad8 29. Rxd8 Bxd8 30. Nd3 Bb6 31. c4 Bg1 32. c5 Rc8 33. b4
a6 34. Re7 Bh2 35. Re3 Bg1 36. Re5 Rd8 37. Kc2 Bh2 38. Rxf5 Re8 39. Ne5 Bxg3
40. Rg5+ Kh7 41. Rxg4 1-0

[Event "BL 9091 Delmenhorst-Bamberg"]
[Site "?"]
[Date "1991.??.??"]
[Round "?.1"]
[White "Unzicker, W."]
[Black "Hausner, I."]
[Result "1/2-1/2"]
[WhiteElo "2480"]
[BlackElo "2445"]
[PlyCount "35"]
[EventDate "1991.??.??"]

1. e4 e6 2. d4 d5 3. Nc3 Be7 4. Nf3 Nf6 5. Bd3 b6 6. O-O Bb7 7. Qe2 dxe4 8.
Nxe4 Nbd7 9. Nxf6+ Nxf6 10. Bg5 O-O 11. Rad1 h6 12. Bc1 Qd5 13. c4 Qh5 14. Ne5
Qxe2 15. Bxe2 Bd6 16. Bf3 Bxf3 17. Nxf3 Rfd8 18. b3 1/2-1/2

[Event "BL 9091 Delmenhorst-Bamberg"]
[Site "?"]
[Date "1991.??.??"]
[Round "?.2"]
[White "Armas, I."]
[Black "Meister, P."]
[Result "1/2-1/2"]
[WhiteElo "2450"]
[BlackElo "2405"]
[PlyCount "56"]
[EventDate "1991.??.??"]

1. e4 e6 2. d4 d5 3. Nd2 Nf6 4. e5 Nfd7 5. c3 c5 6. Bd3 Nc6 7. Ne2 Qb6 8. Nf3
cxd4 9. cxd4 f6 10. exf6 Nxf6 11. O-O Bd6 12. b3 O-O 13. Bb2 Bd7 14. Rc1 Rae8
15. Bb1 a5 16. Nc3 Bf4 17. Rc2 Ne4 18. Re2 Ng5 19. Nxg5 Bxg5 20. Na4 Qa7 21. g3
Bc8 22. Kg2 Bf6 23. Rd2 g6 24. Nc3 Bd7 25. h4 Qb6 26. f4 Ne7 27. h5 Nf5 28.
Bxf5 exf5 1/2-1/2

[Event "BL 9091 Delmenhorst-Bamberg"]
[Site "?"]
[Date "1991.??.??"]
[Round "?.3"]
[White "Womacka, M."]
[Black "Hermann, Man"]
[Result "1/2-1/2"]
[WhiteElo "2410"]
[BlackElo "2385"]
[PlyCount "102"]
[EventDate "1991.??.??"]

1. e4 e5 2. Nf3 Nc6 3. Bb5 f5 4. d3 fxe4 5. dxe4 Nf6 6. O-O d6 7. Nc3 Be7 8.
Qd3 O-O 9. Bc4+ Kh8 10. Ng5 Qe8 11. Ne6 Bxe6 12. Bxe6 Nd4 13. Bc4 Nh5 14. f4 c6
15. a4 d5 16. exd5 Bc5 17. Be3 Nxf4 18. Qe4 cxd5 19. Nxd5 Rd8 20. Nxf4 exf4 21.
Qxe8 Rfxe8 22. Bf2 Rc8 23. Bd3 a5 24. c3 Nb3 25. Rad1 Be3 26. Bb5 Re7 27. Rfe1
Nc5 28. Bxe3 fxe3 29. Re2 Re4 30. Rde1 Nxa4 31. Bxa4 Rxa4 32. Rxe3 h6 33. Re8+
Rxe8 34. Rxe8+ Kh7 35. Rb8 Re4 36. Rxb7 Re2 37. Rb5 a4 38. Rb4 Rc2 39. Rxa4
Rxb2 40. Rd4 Rc2 41. c4 g5 42. h4 Kg6 43. hxg5 Kxg5 44. Kh2 Rc3 45. g3 Rc1 46.
Kh3 Rh1+ 47. Kg2 Rc1 48. g4 Rc3 49. Kf2 Kf6 50. Re4 Kg5 51. Ke2 Rg3 1/2-1/2

[Event "BL 9091 Delmenhorst-Bamberg"]
[Site "?"]
[Date "1991.??.??"]
[Round "?.4"]
[White "Borik, O."]
[Black "Ramos, D."]
[Result "1-0"]
[WhiteElo "2375"]
[BlackElo "2330"]
[PlyCount "63"]
[EventDate "1991.??.??"]

1. e4 c5 2. Nf3 d6 3. d4 cxd4 4. Nxd4 Nf6 5. Nc3 a6 6. h3 Nc6 7. g4 e6 8. Bg2
Qc7 9. O-O Be7 10. Nce2 Nxd4 11. Nxd4 Rb8 12. a4 Nd7 13. g5 O-O 14. h4 Re8 15.
h5 Bf8 16. f4 e5 17. Ne2 Qc5+ 18. Kh1 exf4 19. Bxf4 b5 20. axb5 Rxb5 21. b3 Bb7
22. Ng3 g6 23. h6 Be7 24. c4 Ra5 25. b4 Qxb4 26. Rb1 Qxc4 27. Rxb7 Nc5 28. Rc7
Qd3 29. Qc1 Ra2 30. e5 Bxg5 31. Rf3 Bxf4 32. Qxf4 1-0

[Event "BL 9091 Delmenhorst-Bamberg"]
[Site "?"]
[Date "1991.??.??"]
[Round "?.5"]
[White "Schoeneberg, M."]
[Black "Schlemermeyer, W."]
[Result "1/2-1/2"]
[WhiteElo "2310"]
[BlackElo "2330"]
[PlyCount "38"]
[EventDate "1991.??.??"]

1. e4 d6 2. d4 g6 3. Nc3 Bg7 4. Be3 c6 5. Qd2 b5 6. a4 b4 7. Nd1 a5 8. h4 Nf6
9. f3 Nbd7 10. Bh6 Bxh6 11. Qxh6 Qb6 12. Qd2 c5 13. d5 Ba6 14. Ne3 Ne5 15. Bxa6
Qxa6 16. Qe2 O-O 17. Qxa6 Rxa6 18. Ne2 h5 19. O-O-O Kg7 1/2-1/2

[Event "BL 9091 Delmenhorst-Bamberg"]
[Site "?"]
[Date "1991.??.??"]
[Round "?.6"]
[White "Breutigam, M."]
[Black "Bezold, M."]
[Result "0-1"]
[WhiteElo "2330"]
[BlackElo "2330"]
[PlyCount "76"]
[EventDate "1991.??.??"]

1. d4 Nf6 2. c4 c5 3. d5 e5 4. Nc3 d6 5. e4 Be7 6. g3 Nbd7 7. Bh3 h5 8. Be3 a6
9. a4 Qa5 10. Bd2 Qc7 11. Qe2 b6 12. f4 Bb7 13. Nf3 Ng4 14. Ng5 exf4 15. gxf4
Bxg5 16. fxg5 Nde5 17. Bg2 Ng6 18. Bf3 O-O-O 19. Bxg4+ hxg4 20. Qxg4+ Kb8 21.
Qg3 Rh4 22. O-O-O Rdh8 23. b3 Bc8 24. Kb1 Rh3 25. Qg2 Qe7 26. Be1 Qe5 27. Rc1
Rxh2 28. Rxh2 Rxh2 29. Qf3 Qe7 30. Bg3 Rh3 31. Qg2 Ne5 32. Bh2 Ka8 33. Rc2 Nf3
34. Bg3 Nd4 35. e5 Nxc2 36. exd6 Qe3 37. d7 Bxd7 38. d6+ Ka7 {ZÜ} 0-1

[Event "BL 9091 Delmenhorst-Bamberg"]
[Site "?"]
[Date "1991.??.??"]
[Round "?.7"]
[White "Hennings, A."]
[Black "Derikum, A."]
[Result "1/2-1/2"]
[WhiteElo "2340"]
[BlackElo "2320"]
[PlyCount "101"]
[EventDate "1991.??.??"]

1. e4 c6 2. d3 d5 3. Nd2 Qc7 4. Ngf3 Nd7 5. exd5 cxd5 6. d4 e6 7. Bd3 Bd6 8.
O-O Ngf6 9. Re1 O-O 10. Nf1 e5 11. dxe5 Nxe5 12. Nxe5 Bxe5 13. Qe2 Bd6 14. h3
Re8 15. Qxe8+ Nxe8 16. Rxe8+ Bf8 17. Bd2 Rb8 18. Rae1 Be6 19. Rxb8 Qxb8 20. Be3
b6 21. Nd2 Bc5 22. Nf3 Bxe3 23. Rxe3 Qf4 24. c3 Qa4 25. a3 Qb3 26. Re2 d4 27.
Bc2 Qa2 28. Nxd4 g6 29. Nxe6 fxe6 30. Be4 Kf7 31. g3 Qc4 32. Bf3 Qd3 33. Kg2
Kf6 34. h4 Qb5 35. Rd2 Ke7 36. Be4 Qe5 37. Bc6 Kf6 38. Rd7 h5 39. Rxa7 Qe2 40.
b4 Qc4 41. b5 Qxc3 42. Ra6 Qd4 43. a4 g5 44. hxg5+ Kxg5 45. a5 h4 46. axb6 hxg3
47. Ra2 Qxb6 48. fxg3 Qe3 49. Bf3 Qb3 50. Re2 Qxb5 51. Rxe6 1/2-1/2

[Event "BL 9091 Delmenhorst-Bamberg"]
[Site "?"]
[Date "1991.??.??"]
[Round "?.8"]
[White "Stern, R."]
[Black "Csulits, A."]
[Result "1/2-1/2"]
[WhiteElo "2370"]
[BlackElo "2320"]
[PlyCount "81"]
[EventDate "1991.??.??"]

1. d4 Nf6 2. g3 g6 3. Bg2 Bg7 4. e4 d6 5. Ne2 O-O 6. O-O e5 7. Nbc3 Nc6 8. dxe5
dxe5 9. Nd5 Nxd5 10. exd5 Nd4 11. Nxd4 exd4 12. Re1 Bd7 13. Bf4 c6 14. Be5 Qb6
15. Bxg7 Kxg7 16. c3 cxd5 17. Re7 Bc6 18. Qxd4+ Qxd4 19. cxd4 Rfe8 20. Re3 Rxe3
21. fxe3 Kf6 22. Kf2 Ke7 23. Rc1 Kd6 24. Ke1 Rc8 25. Bh3 Rc7 26. Bg2 b6 27. Kd2
Bb7 28. Rf1 Bc8 29. Rf6+ Ke7 30. Rf2 Kd6 31. Rf6+ Ke7 32. Rf2 Kd6 33. Bf3 Bf5
34. Bd1 Be4 35. g4 f5 36. gxf5 Bxf5 37. Rf4 Re7 38. Bf3 Rc7 39. Bd1 Re7 40. Bf3
Rc7 41. Bd1 1/2-1/2

[Event "BL 9091 Nürnberg-Delmenhorst"]
[Site "?"]
[Date "1991.??.??"]
[Round "?.1"]
[White "Hausner, I."]
[Black "Jansa, V."]
[Result "1-0"]
[WhiteElo "2445"]
[BlackElo "2495"]
[PlyCount "99"]
[EventDate "1991.??.??"]

1. d4 d6 2. Nf3 g6 3. c4 Bg7 4. Nc3 Bg4 5. e3 c5 6. dxc5 Bxc3+ 7. bxc3 dxc5 8.
Qxd8+ Kxd8 9. Ne5 Be6 10. Be2 Nd7 11. Nxd7 Bxd7 12. Bf3 Kc7 13. Ba3 Bc6 14.
Bxc5 Bxf3 15. gxf3 Kc6 16. Ba3 Re8 17. Ke2 Nf6 18. Rhd1 g5 19. Rd4 Rhg8 20.
Rad1 Kc7 21. Bc5 b6 22. Ba3 a5 23. Bc1 Rg6 24. a4 g4 25. Ba3 gxf3+ 26. Kxf3 Kc6
27. Rd8 Rxd8 28. Rxd8 Nd7 29. Bxe7 Re6 30. Bg5 Ne5+ 31. Ke2 Nxc4 32. h3 f6 33.
Bf4 Nb2 34. Rc8+ Kb7 35. Rc7+ Ka6 36. Rxh7 Nxa4 37. c4 Rc6 38. Rc7 Rxc7 39.
Bxc7 Nb2 40. h4 a4 41. Bd8 f5 42. h5 Nxc4 43. h6 Ne5 44. h7 Nf7 45. Kd3 Kb5 46.
Kc3 Kc5 47. f3 b5 48. Be7+ Kd5 49. Bf6 Kc5 50. Bd4+ 1-0

[Event "BL 9091 Nürnberg-Delmenhorst"]
[Site "?"]
[Date "1991.??.??"]
[Round "?.2"]
[White "Pribyl, J."]
[Black "Armas, I."]
[Result "1/2-1/2"]
[WhiteElo "2425"]
[BlackElo "2450"]
[PlyCount "39"]
[EventDate "1991.??.??"]

1. d4 Nf6 2. Nf3 c5 3. d5 e6 4. Nc3 exd5 5. Nxd5 Nxd5 6. Qxd5 Be7 7. Bg5 O-O 8.
O-O-O Nc6 9. a3 b5 10. Bxe7 Qxe7 11. Qd6 Rb8 12. Qxe7 Nxe7 13. e4 Rb6 14. Rd2
d6 15. Be2 Bb7 16. Rhd1 Nc8 17. e5 d5 18. b4 cxb4 19. axb4 f6 20. exf6 1/2-1/2

[Event "BL 9091 Nürnberg-Delmenhorst"]
[Site "?"]
[Date "1991.??.??"]
[Round "?.3"]
[White "Hermann, Man"]
[Black "Seibold, H."]
[Result "1-0"]
[WhiteElo "2385"]
[BlackElo "2210"]
[PlyCount "45"]
[EventDate "1991.??.??"]

1. e4 c5 2. c3 d5 3. exd5 Qxd5 4. d4 Nf6 5. Nf3 e6 6. Bd3 Nc6 7. O-O cxd4 8.
cxd4 Be7 9. Nc3 Qd6 10. Bg5 O-O 11. Rc1 Rd8 12. Nb5 Qd7 13. Ne5 Nxe5 14. Rc7
Qd5 15. dxe5 Qxd3 16. Qxd3 Rxd3 17. Rxe7 Bd7 18. Nd6 Bc6 19. Bxf6 gxf6 20. Nxf7
Kf8 21. exf6 Rd2 22. Ng5 Be8 23. Rg7 1-0

[Event "BL 9091 Nürnberg-Delmenhorst"]
[Site "?"]
[Date "1991.??.??"]
[Round "?.4"]
[White "Huemmer, B."]
[Black "Borik, O."]
[Result "1/2-1/2"]
[WhiteElo "2265"]
[BlackElo "2375"]
[PlyCount "76"]
[EventDate "1991.??.??"]

1. d4 Nf6 2. Nf3 g6 3. Bg5 Bg7 4. Nbd2 d5 5. e3 O-O 6. Bd3 Nc6 7. c3 Bg4 8. Qc2
Re8 9. O-O e5 10. Bb5 exd4 11. Bxc6 bxc6 12. cxd4 Re6 13. Ne5 Bf5 14. Qc3 Qe8
15. Rac1 Rb8 16. Nxc6 Rb6 17. Ne5 c5 18. b3 cxd4 19. exd4 Ne4 20. Nxe4 Bxe4 21.
Bf4 g5 22. Bg3 h5 23. f3 Bf5 24. Rfe1 Ra6 25. a4 Rab6 26. Nd3 Bxd3 27. Qxd3 Rb4
28. Bf2 Bxd4 29. Rxe6 Bxf2+ 30. Kxf2 Qxe6 31. Rd1 Qb6+ 32. Kf1 Rxb3 33. Qxd5
Qa6+ 34. Kg1 Qb6+ 35. Kf1 Qa6+ 36. Kg1 Qb6+ 37. Kf1 Qa6+ 38. Kg1 Qb6+ 1/2-1/2

[Event "BL 9091 Bamberg-Bielefeld"]
[Site "?"]
[Date "1991.??.??"]
[Round "?.2"]
[White "Meister, P."]
[Black "Glek, I."]
[Result "0-1"]
[WhiteElo "2405"]
[BlackElo "2540"]
[PlyCount "78"]
[EventDate "1991.??.??"]

1. d4 f5 2. Nf3 Nf6 3. c4 g6 4. Nc3 Bg7 5. Bf4 d6 6. e3 O-O 7. Qb3 Kh8 8. O-O-O
Nc6 9. d5 Na5 10. Qc2 c5 11. h4 Nh5 12. Be2 a6 13. Nd2 Bd7 14. a4 Qb6 15. Rdg1
Qb4 16. Bg5 Rf7 17. Rh2 b5 18. cxb5 axb5 19. Bxb5 Bxb5 20. Nxb5 c4 21. Nd4 Rc8
22. Nb1 h6 23. g4 fxg4 24. Qxg6 Nb3+ 25. Kd1 Nxd4 26. exd4 Qxb2 27. Qxf7 Qxb1+
28. Bc1 Qb3+ 29. Ke1 Bxd4 30. f3 Bc3+ 31. Bd2 Bxd2+ 32. Rxd2 Qe3+ 33. Kf1 Qxd2
34. Qxh5 Qd1+ 35. Kf2 Qxf3+ 36. Ke1 Qe3+ 37. Kd1 Qxg1+ 38. Kc2 Qf2+ 39. Kc3
Qf6+ 0-1

[Event "BL 9091 Bamberg-Bielefeld"]
[Site "?"]
[Date "1991.??.??"]
[Round "?.3"]
[White "Pieper Emden, C."]
[Black "Womacka, M."]
[Result "0-1"]
[WhiteElo "2405"]
[BlackElo "2410"]
[PlyCount "82"]
[EventDate "1991.??.??"]

1. d4 Nf6 2. c4 e6 3. g3 c5 4. Nf3 cxd4 5. Nxd4 d5 6. Bg2 e5 7. Nb3 d4 8. O-O
Nc6 9. e3 Bg4 10. Qd2 a5 11. exd4 a4 12. dxe5 axb3 13. exf6 Rxa2 14. Bxc6+ bxc6
15. Re1+ Be6 16. Qxd8+ Kxd8 17. Bg5 gxf6 18. Bxf6+ Be7 19. Rd1+ Kc8 20. Bxh8
Rxa1 21. Nc3 Rxd1+ 22. Nxd1 Bxc4 23. Ne3 Bd3 24. f4 f6 25. Kf2 Kd7 26. f5 h5
27. g4 h4 28. Kf3 Ke8 29. g5 fxg5 30. f6 Bd6 31. Kg4 Bf4 32. Ng2 Bd2 33. f7+
Kxf7 34. Bd4 Kg6 35. Ne3 Be2+ 36. Kh3 Bf3 37. Ng4 Kf5 38. Nf2 Be1 39. Be3 Bc3
40. Bc1 Bd4 41. Nd3 Be2 0-1

[Event "BL 9091 Bamberg-Bielefeld"]
[Site "?"]
[Date "1991.??.??"]
[Round "?.4"]
[White "Ramos, D."]
[Black "Gruen, G."]
[Result "0-1"]
[WhiteElo "2330"]
[BlackElo "2360"]
[PlyCount "77"]
[EventDate "1991.??.??"]

1. Nf3 Nf6 2. d4 e6 3. Bf4 c5 4. c3 Nc6 5. e3 Be7 6. h3 O-O 7. Be2 b6 8. O-O
Bb7 9. Nbd2 cxd4 10. exd4 d6 11. Re1 Re8 12. Bf1 Bf8 13. Rc1 a6 14. a4 Ne7 15.
Bh2 Ned5 16. Qb3 Bc6 17. c4 Ne7 18. Qc2 Rc8 19. b4 b5 20. axb5 axb5 21. c5 Ng6
22. Qb2 Nd5 23. Ne4 Ndf4 24. Qd2 e5 25. Bxf4 Nxf4 26. dxe5 dxe5 27. Qxd8 Rcxd8
28. Nc3 e4 29. g3 Nd3 30. Bxd3 Rxd3 31. Nh2 g6 32. Ng4 Bg7 33. Ne2 h5 34. Ne3
Bh6 35. Rc3 Red8 36. Rec1 Rd2 37. Nf4 Rb2 38. R1c2 Rb1+ 39. Kg2 {.../43/} 0-1

[Event "BL 9091 Bamberg-Bielefeld"]
[Site "?"]
[Date "1991.??.??"]
[Round "?.5"]
[White "Beckemeyer, W."]
[Black "Schoeneberg, M."]
[Result "0-1"]
[WhiteElo "2360"]
[BlackElo "2310"]
[PlyCount "96"]
[EventDate "1991.??.??"]

1. e4 c5 2. Nf3 e6 3. d4 cxd4 4. Nxd4 Nf6 5. Nc3 d6 6. Be2 Be7 7. O-O O-O 8.
Be3 Nc6 9. f4 Bd7 10. Nb3 a6 11. a4 b6 12. Bd3 Qc7 13. g4 Bc8 14. g5 Nd7 15. e5
g6 16. exd6 Bxd6 17. Ne4 Be7 18. c3 Bb7 19. Qg4 Na5 20. Nbd2 Rfe8 21. Qh4 Bxe4
22. Bxe4 Rad8 23. Rad1 Nc4 24. Nxc4 Qxc4 25. Bc2 Bc5 26. Qf2 a5 27. Bd4 e5 28.
Bxc5 bxc5 29. f5 e4 30. b3 Qa6 31. Rde1 Qc6 32. Qf4 c4 33. fxg6 fxg6 34. Rxe4
Qc5+ 35. Kg2 Rf8 36. Qe3 Rxf1 37. Kxf1 Rf8+ 38. Kg2 Qf5 39. Qe2 Qxg5+ 40. Kh1
Qc1+ 41. Kg2 Nf6 42. Qxc4+ Kh8 43. Re2 Qg5+ 44. Kh1 Ng4 45. Qd4+ Kg8 46. Rg2
Rf1+ 47. Rg1 Rf4 48. Qd2 Rf2 0-1

[Event "BL 9091 Bamberg-Bielefeld"]
[Site "?"]
[Date "1991.??.??"]
[Round "?.6"]
[White "Bezold, M."]
[Black "Panzer, P."]
[Result "1/2-1/2"]
[WhiteElo "2330"]
[BlackElo "2285"]
[PlyCount "51"]
[EventDate "1991.??.??"]

1. d4 Nf6 2. Nf3 g6 3. Bf4 Bg7 4. h3 O-O 5. e3 c5 6. c3 d5 7. Be2 Nbd7 8. O-O
b6 9. a4 Ne4 10. Nbd2 Bb7 11. a5 Bc6 12. axb6 axb6 13. Qc2 Nxd2 14. Qxd2 Qc8
15. b4 c4 16. Ne5 Nxe5 17. Bxe5 f6 18. Bg3 Qb7 19. Qb2 Bb5 20. Bf3 e6 21. Rfe1
Rxa1 22. Rxa1 Ra8 23. Ra2 e5 24. Qa1 Rxa2 25. Qxa2 e4 26. Be2 1/2-1/2

[Event "BL 9091 HSK-Sindelfingen"]
[Site "?"]
[Date "1991.??.??"]
[Round "?.1"]
[White "Rajkovic, D."]
[Black "Wahls, M."]
[Result "1/2-1/2"]
[WhiteElo "2495"]
[BlackElo "2560"]
[PlyCount "38"]
[EventDate "1991.??.??"]

1. Nf3 Nf6 2. c4 g6 3. Nc3 Bg7 4. d4 O-O 5. e4 d6 6. Be2 e5 7. O-O Nc6 8. Be3
Re8 9. d5 Nd4 10. Nxd4 exd4 11. Bxd4 Nxe4 12. Bxg7 Kxg7 13. Nxe4 Rxe4 14. Bd3
Rd4 15. Qc2 Qf6 16. Rae1 Bd7 17. h3 b6 18. Re3 Re8 19. Qc3 a5 1/2-1/2

[Event "BL 9091 HSK-Sindelfingen"]
[Site "?"]
[Date "1991.??.??"]
[Round "?.2"]
[White "Brunner, L."]
[Black "Marinkovic, I."]
[Result "1/2-1/2"]
[WhiteElo "2460"]
[BlackElo "2455"]
[PlyCount "134"]
[EventDate "1991.??.??"]

1. Nf3 Nf6 2. c4 c5 3. Nc3 b6 4. g3 Bb7 5. Bg2 g6 6. O-O Bg7 7. d4 cxd4 8. Nxd4
Bxg2 9. Kxg2 O-O 10. e4 Qc7 11. b3 Nxe4 12. Nxe4 Qe5 13. Qf3 Qxd4 14. Ba3 Nc6
15. Rad1 Qe5 16. Rxd7 Qa5 17. Bxe7 Ne5 18. Qd1 Nxd7 19. Qxd7 Qxa2 20. Bxf8 Rxf8
21. Qd3 a5 22. Re1 a4 23. bxa4 Qxa4 24. Qd5 Qa5 25. Rb1 Qxd5 26. cxd5 f5 27.
Ng5 Rb8 28. Rb5 Bf6 29. Ne6 Kf7 30. Kf3 Ke7 31. h3 Kd7 32. g4 Be5 33. gxf5 gxf5
34. Ng5 h6 35. Nf7 Bd4 36. Nxh6 Rf8 37. Kf4 Bxf2 38. Nxf5 Rh8 39. Rb2 Be1 40.
Re2 Bc3 41. h4 Bf6 42. Re6 Bxh4 43. Rxb6 Bd8 44. Rb7+ Bc7+ 45. d6 Rc8 46. Ra7
Ke6 47. Ra6 Bxd6+ 48. Rxd6+ Kf7 49. Ne3 Rc1 50. Nd5 Rf1+ 51. Ke5 Re1+ 52. Kf5
Rf1+ 53. Nf4 Ke7 54. Rd3 Ke8 55. Ke5 Ke7 56. Rd2 Re1+ 57. Kf5 Rf1 58. Rd4 Rf3
59. Rd1 Rf2 60. Ke5 Rf3 61. Nd5+ Kd7 62. Rc1 Rh3 63. Nf6+ Kd8 64. Kd6 Rh6 65.
Ke6 Rh2 66. Rc4 Re2+ 67. Ne4 Re1 1/2-1/2

[Event "BL 9091 HSK-Sindelfingen"]
[Site "?"]
[Date "1991.??.??"]
[Round "?.3"]
[White "Kraut, R."]
[Black "Maus, So"]
[Result "1/2-1/2"]
[WhiteElo "2425"]
[BlackElo "2400"]
[PlyCount "69"]
[EventDate "1991.??.??"]

1. e4 c5 2. Nf3 e6 3. Nc3 d6 4. d4 cxd4 5. Qxd4 Nc6 6. Bb5 Bd7 7. Qd3 Nf6 8.
Bf4 Qa5 9. O-O a6 10. Bxc6 Bxc6 11. Rfe1 Rd8 12. Nd4 Be7 13. Nxc6 bxc6 14. Qc4
Qb6 15. Qb3 Nd7 16. Red1 e5 17. Be3 Qc7 18. Na4 O-O 19. c4 Rb8 20. Qc2 c5 21.
Nc3 Qc6 22. Nd5 Bd8 23. Rd3 Re8 24. Rb3 Rc8 25. Ra3 Nf6 26. Nc3 Rb8 27. Rd1 Rb4
28. Ra4 Nxe4 29. Rxb4 Nxc3 30. Qxc3 cxb4 31. Qxb4 Bc7 32. Qd2 f5 33. Qd5+ Qxd5
34. Rxd5 Kf7 35. Kf1 1/2-1/2

[Event "BL 9091 HSK-Sindelfingen"]
[Site "?"]
[Date "1991.??.??"]
[Round "?.4"]
[White "Mueller, Ka"]
[Black "Luther, T."]
[Result "1/2-1/2"]
[WhiteElo "2425"]
[BlackElo "2470"]
[PlyCount "62"]
[EventDate "1991.??.??"]

1. e4 e6 2. d4 d5 3. Nd2 c5 4. Ngf3 cxd4 5. exd5 Qxd5 6. Bc4 Qd6 7. O-O Nf6 8.
Nb3 Nc6 9. Nbxd4 Nxd4 10. Qxd4 Bd7 11. Bf4 Qxd4 12. Nxd4 Rc8 13. Bb3 Bc5 14.
Rad1 O-O 15. h3 Rfd8 16. Rd3 Bb6 17. Re1 Be8 18. c3 Bb5 19. Rd2 Bxd4 20. Rxd4
Rxd4 21. cxd4 Bc4 22. Rc1 Nd5 23. Bd2 Nb6 24. Rc3 Kf8 25. a4 Bxb3 26. Rxb3 Rc7
27. Ba5 Rc1+ 28. Kh2 Nc4 29. Bc3 b6 30. Rb4 Nd6 31. d5 exd5 1/2-1/2

[Event "BL 9091 HSK-Sindelfingen"]
[Site "?"]
[Date "1991.??.??"]
[Round "?.5"]
[White "Bialas, W."]
[Black "Wegner, H."]
[Result "1/2-1/2"]
[WhiteElo "2360"]
[BlackElo "2435"]
[PlyCount "103"]
[EventDate "1991.??.??"]

1. Nf3 g6 2. g3 Bg7 3. d4 f5 4. Bg2 Nf6 5. O-O O-O 6. c3 c6 7. Nbd2 Kh8 8. a4
d5 9. Ne5 Be6 10. a5 Nbd7 11. a6 Qc7 12. axb7 Qxb7 13. Nd3 Bg8 14. Nb3 Ne4 15.
f3 Nd6 16. Nbc5 Nxc5 17. Nxc5 Qc8 18. Bf4 Nb7 19. Nd3 c5 20. Be5 c4 21. Bxg7+
Kxg7 22. Ne5 Nd6 23. Qa4 Qb7 24. Ra2 Bf7 25. Rfa1 Rfb8 26. f4 Be8 27. Qa5 Bb5
28. Qb4 Rc8 29. e3 Nf7 30. Nxf7 Kxf7 31. Ra5 a6 32. b3 cxb3 33. Qxb3 e6 34. Bf1
Qc6 35. Bxb5 axb5 36. Rxa8 Rxa8 37. Rxa8 Qxa8 38. Qxb5 Qa1+ 39. Kg2 Qxc3 40.
Qd7+ Kf6 41. Qd8+ Kf7 42. Qd7+ Kf6 43. Qe8 Qc7 44. Kf3 Qf7 45. Qh8+ Qg7 46.
Qxg7+ Kxg7 47. Ke2 Kf6 48. Kd2 Ke7 49. Kc3 Kd6 50. Kb4 Kc6 51. Ka5 Kc7 52. Kb5
1/2-1/2

[Event "BL 9091 HSK-Sindelfingen"]
[Site "?"]
[Date "1991.??.??"]
[Round "?.6"]
[White "Reefschlaeger, H."]
[Black "Werner, Marc"]
[Result "1-0"]
[WhiteElo "2380"]
[BlackElo "2320"]
[PlyCount "63"]
[EventDate "1991.??.??"]

1. e4 g6 2. d4 Bg7 3. Nc3 d6 4. Be3 c6 5. a4 Nd7 6. g3 e5 7. Nge2 Ngf6 8. h3
O-O 9. Bg2 Re8 10. O-O Qa5 11. d5 cxd5 12. exd5 Nb6 13. b3 e4 14. Nb5 Nbxd5 15.
Bd4 a6 16. Nxd6 Rd8 17. Nc4 Qc7 18. Qc1 Be6 19. a5 Qe7 20. Qb2 Rac8 21. c3 Qd7
22. Kh2 Qb5 23. Ra4 Qe8 24. Ne3 Nxe3 25. fxe3 Nd7 26. Bxg7 Kxg7 27. Rxe4 Nc5
28. c4+ Kg8 29. Rd4 Bf5 30. Nf4 Qxe3 31. Nd5 Qe5 32. Rxf5 1-0

[Event "BL 9091 HSK-Sindelfingen"]
[Site "?"]
[Date "1991.??.??"]
[Round "?.7"]
[White "Franke, H."]
[Black "Sievers, S."]
[Result "1-0"]
[WhiteElo "2390"]
[BlackElo "2330"]
[PlyCount "45"]
[EventDate "1991.??.??"]

1. d4 Nf6 2. Nf3 c5 3. c3 e6 4. Bg5 Be7 5. Nbd2 b6 6. e4 d5 7. e5 Nfd7 8. h4
O-O 9. Bd3 f5 10. exf6 gxf6 11. Qe2 Rf7 12. Bh6 Nc6 13. O-O-O c4 14. Nxc4 b5
15. Ne3 Qa5 16. Kb1 Rb8 17. Nd2 b4 18. Nb3 Qa4 19. c4 Nb6 20. cxd5 Nxd5 21.
Qg4+ Kh8 22. Nxd5 exd5 23. Qh5 1-0

[Event "BL 9091 HSK-Sindelfingen"]
[Site "?"]
[Date "1991.??.??"]
[Round "?.8"]
[White "Heinemann, T."]
[Black "Runau, R."]
[Result "1-0"]
[WhiteElo "2340"]
[BlackElo "2340"]
[PlyCount "57"]
[EventDate "1991.??.??"]

1. d4 c5 2. dxc5 e6 3. c4 Bxc5 4. Nc3 Nf6 5. Nf3 Nc6 6. e3 O-O 7. a3 d5 8. cxd5
exd5 9. b4 Bb6 10. Na4 Bg4 11. Be2 Bc7 12. Bb2 Ne4 13. O-O Qd6 14. g3 Qh6 15.
Rc1 a6 16. Nc5 Rae8 17. Qxd5 Nxc5 18. Rxc5 Bb6 19. Rc2 Bh3 20. Rfc1 Bxe3 21.
fxe3 Qxe3+ 22. Kh1 Bg4 23. Ng1 Be6 24. Qf3 Qg5 25. Rc5 f5 26. Nh3 Qd2 27. R5c2
Qd7 28. Rd1 Qf7 29. Ng5 1-0